000 00284nam a22001337a 4500
008 170927b xxu||||| |||| 00| 0 eng d
020 _a9780205610365
041 _aeng
080 _a37
100 _a46
101 _aEDU
245 _aSOCIAL PROBLEMS
_cKENDALL, D
942 _2udc
_cBK
999 _c30176
_d30176